000 00417nam a22001217a 4500
082 _a347.4106
100 _aMonir, M ; Shamsi, Muhammad Imran
245 _aLaw of Evidence (Qanun-e-Shahadat, 1984) Vol II /
_cM Monir ; Muhammad Imran Shamsi
260 _aLahore :
_bHassan Haider Law Books Publishers,
_c2019.
300 _a2079 p. ;
_c24cm.
942 _2ddc
_cBK
999 _c540994
_d540994